FWA World Heavyweight Champions (ToB 10) Quiz Stats

Quiz not verified by Sporcle

Challenge
Share
Tweet
Embed
Score 0/17 Timer 05:00
0 Plays Today
% Correct
Alice
100%
Vampiro
100%
John Bradshaw Layfield
100%
John Bradshaw Layfield
100%
Randy Orton
100%
Kurt Angle
100%
John Bradshaw Layfield
100%
Ashley
100%
Edge
100%
% Correct
Nate Hatred
83.3%
Triple H
83.3%
The Ultimate Warrior
66.7%
Abyss
66.7%
Brian Kendrick
66.7%
Christopher Daniels
66.7%
Trish Stratus
50%
Portia Perez
33.3%

You're not logged in!

Compare scores with friends on all Sporcle quizzes.
Sign Up with Email
OR
Log In

You Might Also Like...

Show Comments

Extras

Top Quizzes Today


Score Distribution

Your Account Isn't Verified!

In order to create a playlist on Sporcle, you need to verify the email address you used during registration. Go to your Sporcle Settings to finish the process.

Report this User

Report this user for behavior that violates our Community Guidelines.

Details: